000 01399cam a2200409 i 4500
001 30576
003 KOSZ 005
005 20201012133401.0
008 980702s1995 pl a f f |001 0 pol
015 _aPB 1996/2324
020 _a8304042762
040 _aWA N
_cWA N
_dKOSZ 005/HR
046 _k1995
080 _a621.1.01:536.7
080 _a536.08
080 _a(075.8)
100 1 _aTaler, Jan
_eAutor
245 1 0 _aTeoria i praktyka identyfikacji procesów przepływu ciepła /
_cJan Taler.
260 _aWrocław [etc.] :
_bZakład Narodowy imienia Ossolińskich ;
_a[Kraków] :
_bna zlec. Politechniki Krakowskiej,
_c1995.
300 _a410 s. :
_bfot., rys., wykr. ;
_c25 cm.
336 _2rdacontent
_aTekst
_btxt
337 _2rdamedia
_aBez urządzenia pośredniczącego
_bn
338 _2rdacarrier
_aWolumin
_bnc
380 _aKsiążki
385 _mPublikacje dydaktycvzne
_aPoziom nauczania
388 _aSzkoły wyższe
504 _aBibliogr. przy rozdz. - Indeks.
650 4 _aCiepło
650 4 _aPomiary
650 4 _aTermodynamika techniczna
650 4 _aPrzewodnictwo cieplne
655 4 _aPodręczniki akademickie
658 _aInżynieria i technika
658 _aFizyka i astronomia
856 _uhttp://koha.tu.koszalin.pl/cgi-bin/koha/opac-detail.pl?biblionumber=30576
_yKatalog online BPK
942 _2UKD
_cKS
999 _c30576
_d30576